Λόγοι και σκέψεις 1936-1941

Αποθηκεύτηκε σε:
Λεπτομέρειες βιβλιογραφικής εγγραφής
Κύριος συγγραφέας: Μεταξάς, Ιωάννης Π. 1871-1941
Μορφή: Βιβλίο
Γλώσσα:Greek
Δημοσίευση: Αθήνα : Γκοβοστή,
Θέματα:
Ετικέτες: Προσθήκη ετικέτας
Δεν υπάρχουν, Καταχωρήστε ετικέτα πρώτοι!

MARC

LEADER 00000nam a2200000 i 4500
001 1/3311
008 960315s gre d
035 |l 10015172 
040 |a GR-MY-UA  |b gre  |e aacr 
041 0 |a gre 
082 0 |a 320.9495 
100 1 |a Μεταξάς, Ιωάννης Π.  |d 1871-1941. 
245 1 0 |a Λόγοι και σκέψεις 1936-1941 /  |c Ιωάννης Μεταξάς 
260 |a Αθήνα :   |b Γκοβοστή,  
300 |a 2 τ. 
504 |a Περιέχει ευρετήριο 
505 0 |a τ. 1: 1936-1938, τ. 2: 1939-1941 
600 1 0 |a Μεταξάς Ιωάννης Π.  |d 1871-1941. 
650 0 0 |a Political oratory  |z Greece. 
651 0 |a Greece  |x Politics and government  |y 20th century. 
852 |a INST  |b LESVOS  |e 19960315  |h 320.9495 ΜΕΤ  |p 005100006299  |q 005100006299  |t BK  |y 0  |z τ.1 
852 |a INST  |b LESVOS  |e 19960315  |h 320.9495 ΜΕΤ  |p 005100006300  |q 005100006300  |t BK  |y 0  |z τ.2 
852 |a INST  |b LESVOS  |e 19960315  |h 320.9495 ΜΕΤ  |p 005100006299  |q 005100006299  |t BK  |v τ.1:  |y 0  |z τ.1 
852 |a INST  |b LESVOS  |e 19960315  |h 320.9495 ΜΕΤ  |p 005100006300  |q 005100006300  |t BK  |v τ.2:  |y 0  |z τ.2 
853 |a INST  |b LESVOS  |h 320.9495 ΜΕΤ 
909 |a Λ  |b 020738 
909 |a Λ  |b 020739 
922 |a 1ΕΛΗ  |b 199108  |c ΠΠ/1124